Shoji: The screens of Japan

Shranjeno v:
Bibliografske podrobnosti
Glavni avtor: Toyo Okamoto
Format: Knjiga
Jezik:Undetermined
Izdano: Tokyo Mitsumura Suiko Shoin 1961
Teme:
Oznake: Označite
Brez oznak, prvi označite!
Thư viện lưu trữ: Trung tâm Học liệu Trường Đại học Cần Thơ
LEADER 00443nam a2200169Ia 4500
001 CTU_9606
008 210402s9999 xx 000 0 und d
082 |a 747 
082 |b O.41 
100 |a Toyo Okamoto 
245 0 |a Shoji: The screens of Japan 
245 0 |c Toyo Okamoto 
260 |a Tokyo 
260 |b Mitsumura Suiko Shoin 
260 |c 1961 
650 |a interior decoration 
980 |a Trung tâm Học liệu Trường Đại học Cần Thơ